Yün (Record no. 6162)

MARC details
000 -BAŞLIK
Sabit Uzunlukta Kontrol Alanı 00618na a2200205 4500
001 - KONTROL NUMARASI
Denetim Alanı 19181
003 - KONTROL NUMARASI IDENTIFIER
Denetim Alanı MIRAKIL
005 - SON İŞLEM TARİHİ VE ZAMANI
Denetim Alanı 20181213155058.0
008 - SABİT-BOY VERİ ELEMANLARI - GENEL BİLGİLER
Sabit Uzunlukta Kontrol Alanı 161209b tu 000 0
040 ## - KATALOGLAMA KAYNAK
Orijinal Kataloglama Ajansı Milas
Kataloglama Dili tur
Metne Dönüştürmek Ajansı TR-AnCHP
041 ## - DİL KODU
Metin / Ses Parça Veya Ayrı Başlığın Dil Kodu tur
082 ## - DEWEY ONLU SINIFLANDIRMA NUMARASI
Sınıflandırma Numarası 636.3145
Ürün Numarası Y95 2010
090 ## - SINIFLAMA NUMARASI
Sınıflama Numarası 636.3145 Y95 2010
245 ## - BAŞLIK TABLOSU
Başlık Yün
Başlığın Kalan Daha sağlıklı ve daha güvenli bir çevreye doğru değişim
Sorumluluk Tablosu, Vb IWTO
260 ## - YAYIN, DAĞITIM, VB
Yayın, Dağıtım, Vb Yeri [y.y.]
Yayıncı, Dağıtıcı, Vs Adı Türkiye Tekstil Sanayii İşverenleri Sendikası
Yayın, Dağıtım, Vb Tarihi 2010
300 ## - FİZİKSEL TANIM
Kapsam 10 s.
Diğer Fiziksel Ayrıntıları res.; tbl.; grf.
Boyutlar 24x24 sm. +
Eşlik Eden Malzeme 1 CD
650 ## - KONU KATMA GİRİŞ - TOPİKAL DÖNEM
Topikal Süreli Veya Coğrafi Ad Giriş Elemanı Yün yetiştirme
Genel Alt Bölümü Üretim
710 ## - KATMA GİRİŞ - KURUMSAL ADI
Giriş Elemanı Olarak Kurumsal Ad Veya Yargı Alanı Adı IWTO
942 ## - EKLENDİ GİRİŞ ELEMANLARI (KOHA)
Sınıflandırma Veya Raf Düzeni Kaynak Dewey Decimal Classification
Koha Öğesi Türü Books
999 ## - SİSTEM KONTROL NUMARALARI (KOHA)
Koha Biblionumber 6162
Koha Biblioitemnumber 6162
Holdings
Kalıcı Konum Mevcut Konum Edinme Tarihi Edinim Kaynak Toplam Check-Out'Lar Tam Çağrı Numarası Barkod Tarih Son Görülme İtibaren Geçerli Fiyatlar Koha Öğesi Türü
CHP Kütüphanesi CHP Kütüphanesi 12/09/2016 Bağış   636.3145 Y95 2010 008981 12/09/2016 12/09/2016 Books